|
|
|
|
| LEADER |
01862nam a22003017a 4500 |
| 001 |
44617 |
| 003 |
BD-DhAAL |
| 005 |
20250813140835.0 |
| 008 |
250813t2018 enka|||| b||| 00| 0beng d |
| 020 |
|
|
|a 9781526602404
|
| 020 |
|
|
|a 9781526603715
|
| 040 |
|
|
|a BD-DhAAL
|d BD-DhAAL
|
| 082 |
|
|
|a 320.5092
|2 23
|
| 100 |
|
|
|a Krimstein, Ken.
|9 59042
|
| 245 |
|
|
|a The three escapes of Hannah Arendt :
|b a tyranny of truth /
|c Ken Krimstein.
|
| 260 |
|
|
|a London :
|b Bloomsbury Publishing,
|c 2018.
|
| 300 |
|
|
|a 233 pages :
|b chiefly illustrations (some color) ;
|c 23 cm
|
| 504 |
|
|
|a Includes bibliographical references.
|
| 520 |
|
|
|a Provides an illustrated biography of Hannah Arendt, one of the most prominent philosophers of the twentieth century, a hero of political thought, and a complex, controversial, deeply flawed, and courageous woman. Her intelligence and "virulent truth telling" led her to insights into the human condition, and her experience continues to shine a light on how to live as an individual and a public citizen in troubled times. --Adapted from publisher description
|
| 541 |
|
|
|a Donated by Farhana Zahir, Assistant Professor, BRAC Business School, BRAC University
|e 44617
|
| 600 |
|
|
|a Arendt, Hannah,
|d 1906-1975
|v Comic books, strips, etc.
|9 59043
|
| 650 |
|
|
|a Philosophers
|v Biography
|v Comic books, strips, etc.
|9 59044
|
| 650 |
|
|
|a Jewish philosophers.
|9 59045
|
| 655 |
|
|
|a Graphic novels.
|9 59046
|
| 655 |
|
|
|a Biographical comics.
|9 59051
|
| 942 |
|
|
|2 ddc
|c BK
|
| 999 |
|
|
|c 47373
|d 47373
|
| 952 |
|
|
|0 0
|1 0
|2 ddc
|4 0
|6 320_509200000000000_KRI
|7 0
|9 78009
|a BRACUL
|b BRACUL
|c NEW
|d 2025-08-13
|e Donated by Farhana Zahir, Assistant Professor, BRAC Business School, BRAC University
|g 1250.00
|l 4
|m 20
|o 320.5092 KRI
|p 3010044617
|r 2026-05-11
|s 2026-04-04
|t 1
|v 2500.00
|w 2025-08-13
|y BK
|x Donated by Farhana Zahir, Assistant Professor, BRAC Business School, BRAC University
|